[Event "Mazatlan rapid"]
[Site "Mazatlan"]
[Date "1988.??.??"]
[Round "?"]
[White "Kallai, Gabor"]
[Black "Gavrikov, Viktor"]
[Result "0-1"]
[WhiteElo "2450"]
[BlackElo "2545"]

1.d4 Nf6 2.c4 g6 3.Nc3 d5 4.cxd5 Nxd5 5.e4 Nxc3 6.bxc3 Bg7 7.Bc4 O-O 8.Ne2 c5
9.O-O Nc6 10.Be3 Bg4 11.f3 Na5 12.Bxf7+ Rxf7 13.fxg4 Rxf1+ 14.Kxf1 Qd6 15.e5 Qd5
16.Bf2 Rf8 17.g5 Qf7 18.Qe1 Qf5 19.h4 h6 20.Kg1 hxg5 21.hxg5 Qxg5 22.Ng3 cxd4
23.cxd4 Nc6 24.Rb1 b6 25.Qc1 Qxc1+ 26.Rxc1 Nb4 27.Rc7 Bh6 28.Rxe7 Nd3 29.Ne4 Nxf2
30.Nf6+ Rxf6 31.exf6 Ng4 32.Rxa7 Be3+ 33.Kf1 Nxf6 34.Ke2 Bxd4 35.Kd3 Bg1
36.a4 Kf8 37.Ke2 Nd5 38.Kf3 Ne7 39.Ke4 Kf7 40.Ke5 Bh2+ 41.Ke4 Ke6 42.Kf3 Bd6
43.Ke4 Nc6 44.Ra8 Bb8 45.Ra6 Bc7 46.Ra8 Nb8 47.Ra7 Kd6 48.Kf4 Kc6+ 49.Kg5 Nd7
50.Kxg6 Bb8 51.Ra8 Kb7 52.Rxb8+ Kxb8 53.Kf5 Kc7 54.g4 Kd6 55.g5 Ke7 56.g6  0-1

[Event "Mazatlan rapid"]
[Site "Mazatlan"]
[Date "1988.??.??"]
[Round "?"]
[White "Karpov, Anatoly"]
[Black "Gavrikov, Viktor"]
[Result "1-0"]
[WhiteElo "2715"]
[BlackElo "2545"]

1.d4 Nf6 2.c4 g6 3.Nc3 d5 4.cxd5 Nxd5 5.e4 Nxc3 6.bxc3 Bg7 7.Bc4 O-O 8.Ne2 Qd7
9.O-O b6 10.Be3 Bb7 11.f3 Nc6 12.Bb5 a6 13.Ba4 b5 14.Bb3 e5 15.Qd2 Na5 16.Rfd1 Nxb3
17.axb3 exd4 18.Bxd4 Bxd4+ 19.cxd4 f5 20.e5 Bd5 21.Qe3 c6 22.Nf4 Rfe8 23.Ra5 Qb7
24.Nd3 Qb6 25.b4 Be6 26.Nc5 Ra7 27.h4 Bc8 28.d5 cxd5 29.Rxd5 Rae7 30.Qd4 Qc7
31.f4 Rg7 32.Ra3 Qe7 33.Rh3 Qc7 34.Rd3 a5 35.Rd8 Re7 36.Qd5+ Kg7 37.Rxe8 Rxe8
38.Qd6 Qa7 39.Qf6+ Kg8 40.Rd8 Qf7 41.bxa5 b4 42.Qxf7+ Kxf7 43.Rxe8 Kxe8 44.Kf2 Kd8
45.Ke3 Kc7 46.Kd4 Kc6 47.Kc4  1-0

[Event "Mendrisio op"]
[Site "Mendrisio"]
[Date "1988.??.??"]
[Round "4"]
[White "Franic, Milan"]
[Black "Filipovic, Branko"]
[Result "1-0"]
[WhiteElo "2310"]
[BlackElo "2440"]

1.d4 Nf6 2.c4 g6 3.Nc3 d5 4.cxd5 Nxd5 5.e4 Nxc3 6.bxc3 Bg7 7.Nf3 c5 8.Bb5+ Nc6
9.O-O O-O 10.Be3 cxd4 11.cxd4 Bg4 12.Bxc6 bxc6 13.Rc1 Qa5 14.Qe2 Qa4 15.Rc4 Qb5
16.Qc2 Bxf3 17.gxf3 Qh5 18.Kg2 f5 19.Rxc6 g5 20.Rg1 g4 21.fxg4 fxg4 22.Kh1 Kh8
23.e5 Qf7 24.Qe4 Qxa2 25.Rxg4 Rab8 26.Rh4 Qb1+ 27.Kg2 Qxe4+ 28.Rxe4 a5 29.d5 Ra8
30.Bc5 a4 31.Bxe7 Rg8 32.Kf3 a3 33.Rc1 a2 34.Ra1 Ra5 35.d6 Ra3+ 36.Re3 Raa8
37.d7  1-0

[Event "Mendrisio op"]
[Site "Mendrisio"]
[Date "1988.??.??"]
[Round "6"]
[White "Schaufelberger, Heinz"]
[Black "Filipovic, Branko"]
[Result "0-1"]
[WhiteElo "2315"]
[BlackElo "2440"]

1.d4 Nf6 2.c4 g6 3.Nc3 d5 4.cxd5 Nxd5 5.e4 Nxc3 6.bxc3 Bg7 7.Nf3 c5 8.Rb1 O-O
9.Be2 Nc6 10.d5 Ne5 11.Nxe5 Bxe5 12.Qd2 e6 13.O-O exd5 14.exd5 b6 15.c4 Re8
16.Bb2 Bxb2 17.Rxb2 Qd6 18.a4 Re4 19.a5 bxa5 20.Qxa5 Ba6 21.Bd3 Rd4 22.Qc3 Qf4
23.Rc2 Rb8 24.Qa3 Qd6 25.Rfc1 Rb4 26.Bf1 Kg7 27.h3 h5 28.Ra1 Bxc4 29.Qxa7 Qxd5
30.Bxc4 Rbxc4 31.Rxc4 Rxc4 32.Re1 Rd4 33.Qa1 Kh7 34.Qc3 Rd1 35.Rxd1 Qxd1+
36.Kh2 Qd6+ 37.Kg1 Qd1+ 38.Kh2 Qd5 39.h4 Qd4 40.Qxd4 cxd4 41.Kg3 Kh6 42.Kf4 f5  0-1

[Event "Moscow-B"]
[Site "Moscow"]
[Date "1988.??.??"]
[Round "?"]
[White "Thorsteins, Karl"]
[Black "Khenkin, Igor"]
[Result "1/2-1/2"]
[WhiteElo "2430"]
[BlackElo "2340"]

1.d4 Nf6 2.c4 g6 3.Nc3 d5 4.cxd5 Nxd5 5.e4 Nxc3 6.bxc3 Bg7 7.Bc4 c5 8.Ne2 O-O
9.O-O Nc6 10.Be3 Qc7 11.Rc1 Rd8 12.Qd2 Qa5 13.Rfd1 Bd7 14.Bh6  1/2-1/2

[Event "Munich"]
[Site "Munich"]
[Date "1988.??.??"]
[Round "?"]
[White "Jussupow, Artur"]
[Black "Smejkal, Jan"]
[Result "1/2-1/2"]
[WhiteElo "2620"]
[BlackElo "2515"]

1.d4 Nf6 2.c4 g6 3.Nc3 d5 4.cxd5 Nxd5 5.e4 Nxc3 6.bxc3 Bg7 7.Bc4 c5 8.Ne2 O-O
9.O-O Nc6 10.Be3 Bg4 11.f3 Na5 12.Bd3 cxd4 13.cxd4 Be6 14.Rc1 Bxa2 15.Qa4 Be6
16.d5 Bd7 17.Qb4 e6 18.Nc3 exd5 19.exd5 Re8 20.Bf2 b5 21.Rfd1 Nc4 22.Bxc4 a5
23.Qb3 bxc4 24.Qxc4 Rc8 25.Qd3  1/2-1/2

[Event "URS-chT"]
[Site "Naberezhnie Chelni"]
[Date "1988.??.??"]
[Round "?"]
[White "Kakageldyev, Amanmurad"]
[Black "Chudinovskih, Alexander"]
[Result "1-0"]
[WhiteElo "2345"]
[BlackElo "2360"]

1.d4 Nf6 2.c4 g6 3.Nc3 d5 4.cxd5 Nxd5 5.e4 Nxc3 6.bxc3 Bg7 7.Bc4 c5 8.Ne2 Nc6
9.Be3 O-O 10.O-O Qc7 11.Rc1 Rd8 12.Bf4 e5 13.Bg5 Rd7 14.d5 Na5 15.Bd3 c4
16.Bc2 b6 17.Qd2 Nb7 18.Rcd1 Nd6 19.f4 f6 20.fxe5 fxe5 21.h3 Rf7 22.Kh2 Rxf1
23.Rxf1 Bd7 24.Ng1 Rf8 25.Nf3 b5 26.Be3 a5 27.a3 Nf7 28.Qf2 Rb8 29.Kh1 Be8
30.Bc5 Bh6 31.Nh2 Bf4 32.Ng4 h5 33.Nf6+ Kg7 34.g3 Bg5 35.h4 Bxf6 36.Qxf6+ Kh7
37.Bf8 Nh6 38.Bd6 Qd7 39.Bxb8  1-0

[Event "Naestved op"]
[Site "Naestved"]
[Date "1988.??.??"]
[Round "?"]
[White "Wilder, Michael"]
[Black "Schmidt, Wlodzimierz"]
[Result "1/2-1/2"]
[WhiteElo "2505"]
[BlackElo "2465"]

1.d4 Nf6 2.c4 g6 3.Nc3 d5 4.cxd5 Nxd5 5.e4 Nxc3 6.bxc3 Bg7 7.Bc4 c5 8.Ne2 Nc6
9.Be3 O-O 10.O-O Bg4 11.f3 Na5 12.Bd3 cxd4 13.cxd4 Be6 14.Rc1 Bxa2 15.Qa4 Be6
16.d5 Bd7 17.Qb4 e6 18.Nc3 exd5 19.exd5 Re8 20.Bf2 b5 21.Rfd1 Nc4 22.Bxc4 a5
23.Qd6 Be5 24.Qb6 Qxb6 25.Bxb6 bxc4 26.d6  1/2-1/2

[Event "Naestved op"]
[Site "Naestved"]
[Date "1988.??.??"]
[Round "6"]
[White "Ginsburg, Mark"]
[Black "Hansen, Soren Bech"]
[Result "1-0"]
[WhiteElo "2370"]
[BlackElo "2255"]

1.d4 Nf6 2.c4 g6 3.Nc3 d5 4.cxd5 Nxd5 5.e4 Nxc3 6.bxc3 Bg7 7.Nf3 c5 8.Rb1 O-O
9.Be2 cxd4 10.cxd4 Qa5+ 11.Qd2 Qxd2+ 12.Bxd2 e6 13.O-O b6 14.d5 exd5 15.exd5 Bb7
16.d6 Rd8 17.Bf4 Nd7 18.Rfc1 Nc5 19.Rxc5 Bxf3 20.Bxf3 bxc5 21.Bxa8 Rxa8 22.Rb7 Bd4
23.Kf1 Kg7 24.d7 Bf6 25.Ke2 Bd8 26.Kd3 Kf6 27.Kc4 Ke6 28.Kxc5 f6 29.Kc6 a5
30.Rb8 Rxb8 31.Bxb8 a4 32.Bc7 Ke7 33.Bxd8+ Kxd8 34.Kd6 a3 35.Ke6  1-0

[Event "SWE-ch"]
[Site "Norrkoeping"]
[Date "1988.??.??"]
[Round "?"]
[White "Renman, Nils Gustaf"]
[Black "Wessman, Richard"]
[Result "1/2-1/2"]
[WhiteElo "2425"]
[BlackElo "2285"]

1.d4 Nf6 2.c4 g6 3.Nc3 d5 4.cxd5 Nxd5 5.e4 Nxc3 6.bxc3 Bg7 7.Bc4 c5 8.Ne2 Nc6
9.Be3 O-O 10.O-O Bg4 11.f3 cxd4 12.cxd4 Na5 13.Bd3 Be6 14.Rc1 Bxa2 15.Qa4 Be6
16.d5 Bd7 17.Qb4 e6 18.Nc3 exd5 19.exd5 Re8 20.Bf2 b5 21.Ne4 Nc4 22.Bxc4 bxc4
23.Qxc4 Bf5 24.Nc5 Rc8 25.Qa2 Qd6 26.Nb7 Qb8 27.Qa6 Rxc1 28.Rxc1 Bc8 29.Rb1 Be5
30.d6 Bxb7 31.Rxb7 Qxd6 32.Qxd6 Bxd6  1/2-1/2

[Event "Oakham YM"]
[Site "Oakham"]
[Date "1988.??.??"]
[Round "?"]
[White "Schulte, Oliver"]
[Black "Sokolov, Ivan"]
[Result "0-1"]
[WhiteElo "2440"]
[BlackElo "2545"]

1.d4 Nf6 2.c4 g6 3.Nc3 d5 4.cxd5 Nxd5 5.e4 Nxc3 6.bxc3 Bg7 7.Bc4 O-O 8.Ne2 b6
9.O-O Bb7 10.f3 Nc6 11.Bg5 Na5 12.Bd3 c5 13.d5 Qd7 14.Rb1 c4 15.Bc2 e6 16.d6 f6
17.Bc1 Rfd8 18.Ba3 Bf8 19.Ba4 Bc6 20.Bxc6 Nxc6 21.Qa4 Ne5 22.Qxd7 Rxd7 23.f4 Nd3
24.f5 exf5 25.exf5 Bxd6 26.Bxd6 Rxd6 27.Nd4 Kf7 28.Rf3 Re8 29.Nb5 Rd7 30.fxg6+ hxg6
31.Rbf1 f5 32.g4 f4 33.Na3 Re4 34.Rd1 Ne5 35.Rxd7+ Nxd7 36.Nb5 Ke6 37.Nxa7 Ne5
38.Rf1 Nxg4 39.Nc6 g5 40.Nd4+ Rxd4 41.cxd4 Kd5 42.h4 gxh4  0-1

[Event "Oakham House"]
[Site "Oakham"]
[Date "1988.??.??"]
[Round "5"]
[White "Schulte, Oliver"]
[Black "Chow, Albert"]
[Result "0-1"]
[WhiteElo "2440"]
[BlackElo "2305"]

1.d4 Nf6 2.c4 g6 3.Nc3 d5 4.cxd5 Nxd5 5.e4 Nxc3 6.bxc3 Bg7 7.Bc4 O-O 8.Ne2 c5
9.O-O Nc6 10.Be3 Qc7 11.Rc1 Rd8 12.f4 Bg4 13.d5 Na5 14.Bd3 c4 15.Bb1 e6 16.Rf2 exd5
17.exd5 Qd6 18.Rc2 Re8 19.Qd2 Qe7 20.Bd4 Bxe2 21.Rxe2 Qxe2 22.Qxe2 Bxd4+
23.cxd4 Rxe2 24.Rxe2 Rd8 25.Be4 b5 26.f5 gxf5 27.Bxf5 Rxd5 28.g4 Rxd4 29.Re5 Rd1+
30.Kf2 Rd2+ 31.Kg3 a6 32.a4 Nc6 33.Rc5 Nd4 34.Be4 c3 35.axb5 axb5 36.Rc8+ Kg7
37.Kf4 b4 38.Ke3 Nc2+ 39.Kf4 Nd4 40.h4 b3 41.g5 c2 42.h5 h6  0-1

[Event "Oakham House"]
[Site "Oakham"]
[Date "1988.??.??"]
[Round "7"]
[White "Nickoloff, Bryon"]
[Black "Chow, Albert"]
[Result "1/2-1/2"]
[WhiteElo "2390"]
[BlackElo "2305"]

1.d4 Nf6 2.c4 g6 3.Nc3 d5 4.cxd5 Nxd5 5.e4 Nxc3 6.bxc3 Bg7 7.Bc4 O-O 8.Ne2 c5
9.O-O Nc6 10.Be3 Qc7 11.Rc1 Rd8 12.Qd2 a6 13.f4 b5 14.Bd3 f5 15.exf5 gxf5
16.Rf3 Qd6 17.Rg3 Kh8 18.Rd1 cxd4 19.Nxd4 Nxd4 20.cxd4  1/2-1/2

[Event "Oakham House"]
[Site "Oakham"]
[Date "1988.??.??"]
[Round "9"]
[White "Taylor, Gordon"]
[Black "Chow, Albert"]
[Result "1-0"]
[WhiteElo "2335"]
[BlackElo "2305"]

1.d4 Nf6 2.c4 g6 3.Nc3 d5 4.cxd5 Nxd5 5.e4 Nxc3 6.bxc3 Bg7 7.Bc4 O-O 8.Be3 c5
9.Ne2 Nc6 10.O-O Qc7 11.Rc1 Rd8 12.Qd2 a6 13.Bh6 Bh8 14.a4 Na5 15.Ba2 Bd7
16.Nf4 e6 17.e5 Re8 18.Nh5 Bxa4 19.Qg5 Qd8 20.Qf4 cxd4 21.Bg5 Re7 22.Qh4 Nc6
23.Nf6+ Bxf6 24.Bxf6 Qf8 25.cxd4 Rd7 26.d5 Nb4 27.dxe6 Nxa2 28.exd7 Bxd7
29.Rc2 Be6 30.f4 h6 31.f5 gxf5 32.Rf3 Kh7 33.Rg3 Rc8 34.Rg7+ Qxg7 35.Bxg7 Kxg7
36.Qf6+  1-0

[Event "Paris-ch"]
[Site "Paris"]
[Date "1988.??.??"]
[Round "1"]
[White "Wagner, Claude"]
[Black "De Boer, Gert Jan"]
[Result "1/2-1/2"]
[WhiteElo "2290"]
[BlackElo "2390"]

1.d4 Nf6 2.c4 g6 3.Nc3 d5 4.cxd5 Nxd5 5.e4 Nxc3 6.bxc3 Bg7 7.Bc4 O-O 8.Ne2 b6
9.O-O Bb7 10.f3 Nc6 11.Be3 Na5 12.Bd3 c5 13.Rc1 cxd4 14.cxd4 e6 15.Qd2 Qd7
16.Rc2 Rfc8 17.Rfc1 Rxc2 18.Rxc2 Rc8 19.Qc1 Rxc2 20.Qxc2 Qc6 21.Qxc6 Nxc6
22.Kf2 Nb4 23.Bc4 Nc2 24.Bd3 Nxe3 25.Kxe3 Kf8 26.Bc4 Ke7 27.Kd3 Kd7 28.Nc3 a6
29.a4 Bf8 30.g3 Bb4 31.Ne2 Be1 32.Nf4 Bc6 33.Bxa6 Bxa4 34.Kc4 Kc6 35.d5+ exd5+
36.exd5+ Kd6 37.Nd3 Bd2 38.f4 f6 39.Kd4 Bd7 40.Bc4 Ba5 41.Nf2 f5 42.Ba2 b5
43.Ke3 Bc8 44.Nd3 Bc3 45.Nc1 Bb7 46.Ne2 Ba5 47.Nd4 Bb6 48.Kd3 Ba6 49.Nf3 Bb7
50.Ng5 Bxd5 51.Bxd5 Kxd5 52.Nxh7 Bc5 53.Ng5 Be7  1/2-1/2

[Event "Paris-ch"]
[Site "Paris"]
[Date "1988.??.??"]
[Round "4"]
[White "Blees, Albert"]
[Black "Bernard, Christophe"]
[Result "1/2-1/2"]
[WhiteElo "2390"]
[BlackElo "2350"]

1.d4 Nf6 2.c4 g6 3.Nc3 d5 4.cxd5 Nxd5 5.e4 Nxc3 6.bxc3 Bg7 7.Bc4 c5 8.Ne2 Nc6
9.Be3 O-O 10.O-O Qc7 11.Rc1 Rd8 12.Qd2 b6 13.Rfd1 Bb7 14.Bh6 Na5 15.Bd3 e6
16.h4 Bxh6 17.Qxh6 Nc6 18.e5 Qe7 19.Ng3 Qf8 20.Qg5 h6 21.Qe3 cxd4 22.cxd4 Ne7
23.Ne4 Bxe4 24.Bxe4 Rac8 25.h5 g5 26.f4 f5 27.Bb7 Rxc1 28.Rxc1 Rd7 29.Bc6 Rc7
30.Bf3 Rxc1+ 31.Qxc1 g4 32.Bd1 Qd8 33.Qc4 Nd5 34.Qc6 Nxf4 35.Kf1 Kf7 36.Bb3 Ke7
37.g3 Nd5 38.Qb7+ Qd7 39.Bxd5 exd5 40.Qb8 Qb5+ 41.Kf2 Qb2+ 42.Kf1 Qc1+ 43.Kg2 Qc2+
44.Kf1 Qb1+ 45.Kg2 Qxa2+ 46.Kg1 Qb1+ 47.Kg2 Qc2+ 48.Kg1 Qd1+ 49.Kg2 Qf3+
50.Kg1 Qxg3+ 51.Kf1 Qd3+ 52.Kg2 Qc2+ 53.Kg1 Qc6 54.Qxa7+ Kd8 55.Qf7 Qc1+
56.Kg2 Qd2+ 57.Kf1 Qd3+ 58.Kg2 Qe4+ 59.Kf1 Qb1+ 60.Kg2 Qa2+ 61.Kg3 Qb3+ 62.Kg2 Qc2+
63.Kg3 Qd3+ 64.Kg2 Qe4+ 65.Kf1 Qb1+ 66.Kg2 Qc2+ 67.Kg3 Kc8 68.Qe6+ Kc7 69.Qd6+ Kc8
70.Qe6+  1/2-1/2

[Event "Paris-ch"]
[Site "Paris"]
[Date "1988.??.??"]
[Round "5"]
[White "Murrey, Jacob"]
[Black "Gutman, Lev"]
[Result "1-0"]
[WhiteElo "2535"]
[BlackElo "2465"]

1.c4 Nf6 2.Nc3 d5 3.d4 g6 4.cxd5 Nxd5 5.e4 Nxc3 6.bxc3 Bg7 7.Bc4 c5 8.Ne2 Nc6
9.Be3 O-O 10.O-O Qc7 11.Rb1 Na5 12.Bd3 Bd7 13.f4 cxd4 14.cxd4 Rac8 15.f5 Nc4
16.Bg5 gxf5 17.exf5 Qd6 18.Kh1 Bf6 19.Bxf6 exf6 20.Qc1 Kh8 21.Qh6 Rg8 22.Ng3 Rg4
23.Rxb7 Nb6 24.Bb5 Qxd4 25.Qh5 Rcg8 26.Bxd7 Nxd7 27.Qxf7 R4g7 28.Qh5 Ne5
29.Rxg7 Rxg7 30.Rd1 Qb6 31.Ne4 Rg8 32.Qh4 Ng4 33.h3 Qe3 34.hxg4  1-0

[Event "Paris-ch"]
[Site "Paris"]
[Date "1988.??.??"]
[Round "8"]
[White "Haik, Aldo"]
[Black "Gutman, Lev"]
[Result "0-1"]
[WhiteElo "2370"]
[BlackElo "2465"]

1.d4 Nf6 2.c4 g6 3.Nc3 d5 4.cxd5 Nxd5 5.e4 Nxc3 6.bxc3 Bg7 7.Bc4 c5 8.Ne2 Nc6
9.Be3 O-O 10.O-O Qc7 11.Rc1 Rd8 12.Qd2 Qa5 13.Qb2 b6 14.Rfd1 Ba6 15.Bd5 Rac8
16.Bxc6 Rxc6 17.d5 Rcc8 18.Bg5 Rd7 19.Qd2 Bc4 20.Rc2 Qa4 21.Rdc1 e6 22.Bh6 Bxe2
23.Bxg7 Kxg7 24.Qxe2 exd5 25.exd5 Rxd5 26.c4 Rd4 27.Qe5+ Kg8 28.h3 Re8 29.Qf6 Qd7
30.Rc3 Re6 31.Qf3 Kg7 32.Ra3 a5 33.Re3 Rf6 34.Qg3 Rd2 35.Rf1 Rxa2 36.Rd3 Qe6
37.Rd8 Raxf2  0-1

[Event "Pau"]
[Site "Pau"]
[Date "1988.??.??"]
[Round "6"]
[White "Villeneuve, Alain"]
[Black "Bernard, Christophe"]
[Result "1-0"]
[WhiteElo "2365"]
[BlackElo "2320"]

1.d4 Nf6 2.c4 g6 3.Nc3 d5 4.cxd5 Nxd5 5.e4 Nxc3 6.bxc3 Bg7 7.Bc4 c5 8.Ne2 Nc6
9.Be3 O-O 10.O-O Qc7 11.Rc1 Rd8 12.Qd2 b6 13.Bh6 Bb7 14.Bxg7 Kxg7 15.Qe3 Qd7
16.Bb5 e6 17.dxc5 bxc5 18.Qxc5 Qd6 19.Qxd6 Rxd6 20.Rc2 Na5 21.f3 Rc8 22.Ra1 Rc5
23.Ba4 Ba6 24.Nd4 Rc4 25.Bb3 Rc7 26.Rd1 Rb6 27.e5 Bc4 28.Ba4 Rc5 29.f4 Bd5
30.Re1 Rb8 31.Kf2 Rbc8 32.Rec1 Be4 33.Re2 Bf5 34.Nb5 Rc4 35.Nd6 Rxc3 36.Rxc3 Rxc3
37.Rb2 Nc4 38.Rb7 Nxd6 39.exd6 Rd3 40.d7 Kf6 41.Rb8  1-0

[Event "Pau"]
[Site "Pau"]
[Date "1988.??.??"]
[Round "8"]
[White "Lutz, Christopher"]
[Black "Spiridonov, Nikola"]
[Result "1-0"]
[WhiteElo "2380"]
[BlackElo "2420"]

1.d4 Nf6 2.c4 g6 3.Nc3 d5 4.cxd5 Nxd5 5.e4 Nxc3 6.bxc3 Bg7 7.Bc4 c5 8.Ne2 Nc6
9.Be3 cxd4 10.cxd4 Qa5+ 11.Bd2 Qa3 12.d5 Ne5 13.Bb5+ Bd7 14.Bxd7+ Nxd7 15.Rb1 Qxa2
16.O-O Nc5 17.Bb4 Nxe4 18.Qd3 Nd6 19.Bxd6 exd6 20.Qe4+ Kf8 21.Rxb7 Bf6 22.Nf4 Re8
23.Qf3 Kg7 24.Qg4 Be5 25.Ne6+ Kg8 26.Qf3 f5 27.Qd3 h5 28.Qb5 Rxe6 29.Qd7  1-0

[Event "Porz"]
[Site "Porz"]
[Date "1988.??.??"]
[Round "?"]
[White "Fedorowicz, John P"]
[Black "Gutman, Lev"]
[Result "1/2-1/2"]
[WhiteElo "2520"]
[BlackElo "2490"]

1.d4 Nf6 2.c4 g6 3.Nc3 d5 4.cxd5 Nxd5 5.e4 Nxc3 6.bxc3 Bg7 7.Bc4 O-O 8.Ne2 c5
9.O-O Nc6 10.Be3 Qc7 11.Rc1 Rd8 12.Qd2 Qa5 13.Qb2 b6 14.Rfd1 Ba6 15.Bxa6 Qxa6
16.h4 Rac8 17.h5 Na5 18.Ng3 cxd4 19.cxd4 Rxc1 20.Rxc1 Nc4 21.Qe2 b5 22.e5 Nxe3
23.fxe3 Bh6 24.Rc7 Rc8 25.Rxc8+ Qxc8 26.Kf2 b4 27.hxg6 hxg6 28.Ne4 Qf5+ 29.Qf3 Qe6
30.Qe2 f6 31.Nc5 Qf5+ 32.Qf3 fxe5 33.Qxf5 gxf5 34.dxe5 a5 35.Ke2 Bg7 36.e6 Be5
37.Kd3 Kg7 38.Kc4 Kf6 39.Nb7 Bc3 40.Kb5 Kxe6 41.Nxa5 Kd5 42.Nc6 e5 43.Nxb4+ Ke4
44.a4  1/2-1/2

[Event "Porz"]
[Site "Porz"]
[Date "1988.??.??"]
[Round "?"]
[White "Meduna, Eduard"]
[Black "Gutman, Lev"]
[Result "0-1"]
[WhiteElo "2460"]
[BlackElo "2490"]

1.d4 Nf6 2.c4 g6 3.Nc3 d5 4.cxd5 Nxd5 5.e4 Nxc3 6.bxc3 Bg7 7.Be3 c5 8.Rc1 Qa5
9.Qd2 O-O 10.d5 b6 11.Nf3 e6 12.Be2 Na6 13.O-O exd5 14.exd5 Re8 15.d6 Be6
16.Ng5 Rad8 17.Nxe6 Rxe6 18.Bf4 Bf8 19.Bc4 Rf6 20.Be5 Rf5 21.f4 b5 22.g4 Bxd6
23.gxf5 Bxe5 24.Qb2 Bd4+ 25.cxd4 bxc4 26.d5 Rxd5 27.Rfe1 Qd8 28.f6 h5 29.Rxc4 Nc7
30.Rce4 Ne6 31.Qb7 Rd7 32.Qb2 Rd2 33.Qc3 Qd5 34.f5 Nf8 35.fxg6 Nxg6 36.Qf3 Kh7
37.Qg3 Rd3 38.Qg2 c4 39.Re7 Qd4+ 40.Kh1 Qxf6 41.Rxa7 Rf3 42.Rg1 Rf2 43.Qe4 Qd6
44.Qxg6+ Qxg6 45.Rxg6 Kxg6 46.Rc7 Rc2 47.a4 Kg5 48.a5 f5 49.a6 Kg4 50.a7 Kh3
51.Rg7 Rxh2+ 52.Kg1 Ra2 53.Kf1 f4 54.Kg1 h4 55.Kf1 c3 56.Rc7 Kg3 57.Rg7+ Kf3
58.Kg1 Ra1+ 59.Kh2 Ke2 60.Rd7 f3 61.Re7+ Kf1 62.Re3 Ra2+ 63.Kh1 f2 64.Rxc3 Ke2  0-1

[Event "Prague Mladi-A"]
[Site "Prague"]
[Date "1988.??.??"]
[Round "9"]
[White "Lerner, Konstantin Z"]
[Black "Pribyl, Josef"]
[Result "0-1"]
[WhiteElo "2530"]
[BlackElo "2435"]

1.d4 Nf6 2.c4 g6 3.Nc3 d5 4.cxd5 Nxd5 5.e4 Nxc3 6.bxc3 Bg7 7.Bc4 c5 8.Ne2 Nc6
9.Be3 O-O 10.O-O Bg4 11.f3 Na5 12.Bxf7+ Rxf7 13.fxg4 Rxf1+ 14.Kxf1 Qd6 15.e5 Qd5
16.Bf2 Rf8 17.Kg1 Bh6 18.h4 Qf7 19.Bg3 Be3+ 20.Kh2 Qc4 21.dxc5 Qxg4 22.Nd4 Qxd1
23.Rxd1 Rd8 24.e6 Rd5 25.Kh3 h5 26.Rb1 Rxc5 27.Nf3 Rc6 28.Re1 Rxc3 29.Rd1 Nc6
30.Rd7 b5 31.Kh2 Rc5 32.Rc7 Kg7 33.Ng5 Rc4 34.Rc8 a5 35.Kh3 b4 36.Kh2 a4
37.Nf3 b3 38.axb3 axb3 39.Rc7 b2 40.Rb7 Bc1 41.Bd6 Kf6 42.Ba3 b1=Q 43.Bxe7+ Nxe7
44.Rxb1 Kxe6 45.Rb6+ Kf5 46.Kh3 Be3 47.Rb7 Kf6 48.Ne5 Rc3 49.Nf3 Bf4 50.Rb4 Bc7  0-1

[Event "URS-ch sf"]
[Site "Riga"]
[Date "1988.??.??"]
[Round "?"]
[White "Levin, Felix"]
[Black "Janjgava, Lasha"]
[Result "1/2-1/2"]
[WhiteElo "2320"]
[BlackElo "2475"]

1.d4 Nf6 2.c4 g6 3.Nc3 d5 4.cxd5 Nxd5 5.e4 Nxc3 6.bxc3 Bg7 7.Nf3 c5 8.Be3 Qa5
9.Qd2 Nc6 10.Rc1 cxd4 11.cxd4 Qxd2+ 12.Kxd2 O-O 13.d5 Rd8 14.Ke1 Na5 15.Bd2 b6
16.Bb4 Bf8 17.Ne5 e6 18.Bxa5 bxa5 19.Bc4 Bd6 20.Nc6 Re8 21.Ke2 exd5 22.Bxd5 Be6
23.Kd3 a4 24.Rc4 a3 25.Rb1 h5 26.h3 Kg7 27.Bxe6 Rxe6 28.Rb7 a6 29.Kd4 Rae8
30.Kd5 h4 31.Rd7 Bf4 32.Ra4 a5 33.f3 Rc8 34.Rc4 Kf6 35.Nxa5 Ra8 36.Nc6 Ra6
37.e5+ Bxe5 38.f4 Bb2 39.Nd8 Ra5+ 40.Rc5 Rxc5+ 41.Kxc5 Re7 42.Rxe7 Kxe7 43.Nc6+ Kf6
44.Nd4 Bc1 45.Kb4 Bxf4 46.Kxa3 Bd6+ 47.Kb3 Ke5 48.Nf3+ Kf4 49.Nd2 f5 50.Nf1 g5
51.Kc3 g4 52.hxg4 fxg4 53.Kd3 h3 54.gxh3 gxh3 55.Ke2 Bc5 56.a4 Bb6 57.Nh2 Kg3
58.Nf3 Kf4 59.Nh2 Bg1 60.Nf3 Kg3 61.a5 Ba7 62.a6 Bb6 63.Nd2 Kg2 64.Nf3 Ba7
65.Ne1+ Kg3 66.Nf3 Bb8 67.Ke3  1/2-1/2

[Event "URS-ch sf"]
[Site "Riga"]
[Date "1988.??.??"]
[Round "?"]
[White "Naumkin, Igor"]
[Black "Semeniuk, Alexander A"]
[Result "1/2-1/2"]
[WhiteElo "2440"]
[BlackElo "2355"]

1.d4 Nf6 2.c4 g6 3.Nc3 d5 4.cxd5 Nxd5 5.e4 Nxc3 6.bxc3 Bg7 7.Bc4 O-O 8.Ne2 Qd7
9.O-O b5 10.Bd3 c5 11.Rb1 a6 12.d5 c4 13.Bc2 e6 14.dxe6 fxe6 15.a4 bxa4 16.Bxa4 Qc7
17.Bf4 Be5 18.Bxe5 Qxe5 19.Qd4 Qxd4 20.Nxd4 e5 21.Nf3 Bd7 22.Rxb8 Bxa4 23.Rxa8 Rxa8
24.Nxe5 a5 25.Ra1 Bb3 26.Nc6 a4 27.Ra3 g5 28.f3 Bd1 29.Kf2 Ra6 30.Nb4 Rh6
31.h3 Rd6 32.Ke3 h5 33.g3 h4 34.gxh4 Rf6 35.Kd2 Bb3 36.hxg5 Rf7 37.Nd5 Rg7
38.Ra1 Kf7 39.Nb6 Rg6 40.Nd7 Ke7 41.Nc5 Rd6+ 42.Kc1 a3  1/2-1/2

[Event "Saint John op-1"]
[Site "Saint John"]
[Date "1988.??.??"]
[Round "?"]
[White "Whitehead, Jay E"]
[Black "Henao, Raul Fernando"]
[Result "1-0"]
[WhiteElo "2440"]
[BlackElo "2345"]

1.d4 Nf6 2.c4 g6 3.Nc3 d5 4.cxd5 Nxd5 5.e4 Nxc3 6.bxc3 Bg7 7.Nf3 c5 8.Rb1 O-O
9.Be2 Nd7 10.O-O b6 11.Bg5 cxd4 12.cxd4 Nf6 13.Qd3 h6 14.Be3 e6 15.Nd2 Bb7
16.f3 Qd7 17.Nc4 Rfd8 18.Rfd1 Rac8 19.Qa3 Ra8 20.Rbc1 Bf8 21.Qb2 Qe7 22.a4 Rac8
23.a5 bxa5 24.Nxa5 Ba8 25.Nc4 Qb7 26.Qxb7 Bxb7 27.Ra1 Ra8 28.Rdb1 Bc6 29.Ra6 Rdc8
30.Ne5 Be8 31.Rb7 Rc3 32.Kf2 Ra3 33.Rxa3 Bxa3 34.Bxh6 a5 35.Nc4 Bf8 36.Nb6 Bxh6
37.Nxa8 Kg7 38.Nc7  1-0

[Event "Saint John op-1"]
[Site "Saint John"]
[Date "1988.??.??"]
[Round "?"]
[White "Taylor, Gordon"]
[Black "Savereide, Diane"]
[Result "1/2-1/2"]
[WhiteElo "2335"]
[BlackElo "2250"]

1.d4 Nf6 2.c4 g6 3.Nc3 d5 4.cxd5 Nxd5 5.e4 Nxc3 6.bxc3 Bg7 7.Bc4 O-O 8.Ne2 c5
9.Be3 Nc6 10.O-O Qc7 11.Rc1 Rd8 12.Qd2 Qa5 13.Rfd1 Bd7 14.Bh6 cxd4 15.Bxg7 Kxg7
16.cxd4 Qxd2 17.Rxd2 Rac8 18.f3 Na5 19.Bd3 Rxc1+ 20.Nxc1 Rc8 21.Ne2 Ba4 22.Rb2 b6
23.Kf2 h5 24.Ke1 Rc7 25.Kd2 Nc4+ 26.Bxc4 Rxc4 27.Kd3 Rc8 28.Nc3 Bc6 29.Rb3 Bb7
30.Ra3 a5 31.Rb3 Ba6+ 32.Ke3 b5 33.Nxb5 Rc2 34.Nc3 Rxg2 35.h4 f6 36.Ra3 Rc2
37.Kf4 Bc4 38.e5 Rd2 39.exf6+ exf6 40.Rxa5 Rxd4+ 41.Kg3 f5 42.Ra4 g5 43.hxg5 h4+
44.Kg2 Kg6 45.Kf2 Rd2+ 46.Ke1 h3 47.Kxd2 h2 48.Rxc4 h1=Q 49.f4 Qg2+ 50.Kd3 Qf1+
51.Ne2 Qf3+ 52.Kd2 Qd5+ 53.Kc3 Qf3+ 54.Kd2 Qd5+  1/2-1/2

[Event "Saint John op-2"]
[Site "Saint John"]
[Date "1988.??.??"]
[Round "?"]
[White "Seirawan, Yasser"]
[Black "Lputian, Smbat G"]
[Result "1-0"]
[WhiteElo "2595"]
[BlackElo "2555"]

1.d4 Nf6 2.c4 g6 3.Nc3 d5 4.cxd5 Nxd5 5.e4 Nxc3 6.bxc3 Bg7 7.Bc4 c5 8.Ne2 O-O
9.O-O Nc6 10.Be3 Bg4 11.f3 Na5 12.Bxf7+ Rxf7 13.fxg4 Rxf1+ 14.Kxf1 Qd6 15.Kg1 Qe6
16.Qd3 Qc4 17.Qxc4+ Nxc4 18.Bg5 h6 19.Bxe7 cxd4 20.cxd4 Re8 21.Rc1 Na5 22.Rc7 Nc6
23.Bc5 Rxe4 24.Kf2 Bxd4+ 25.Nxd4 Nxd4 26.Rxb7 Nc6 27.h3 Ra4 28.a3 g5 29.Ke3 Ra5
30.Bd6 Ra4 31.Rc7 Nd4 32.Rc8+ Kf7 33.Bf8 Ne6 34.Bb4 Ra6 35.g3 Ra4 36.Rc6 Kf6
37.Bc3+ Ke7 38.Bb4+ Kf6 39.Rc4 Kf7 40.Kd3 Ra6 41.Ke4 Rb6 42.a4 Ke8 43.Ke5 Nd8
44.Bc5 Ra6 45.h4 Kd7 46.Rd4+ Ke8 47.Re4 Kd7 48.Bf8 Ke8 49.Ba3 Kd7 50.Rd4+ Ke8
51.Re4 Kd7 52.Kf5 Ne6 53.Bb2 Rb6 54.Bf6 Rd6 55.Kg6 Nc5 56.Rd4 Rxd4 57.Bxd4 Nxa4
58.Kxh6  1-0

[Event "Saint John op-2"]
[Site "Saint John"]
[Date "1988.??.??"]
[Round "?"]
[White "Razuvaev, Yuri S"]
[Black "Toshkov, Tihomir"]
[Result "1/2-1/2"]
[WhiteElo "2525"]
[BlackElo "2395"]

1.d4 Nf6 2.c4 g6 3.Nc3 d5 4.cxd5 Nxd5 5.e4 Nxc3 6.bxc3 Bg7 7.Bc4 c5 8.Ne2 Nc6
9.Be3 O-O 10.O-O Bg4 11.f3 Na5 12.Bd3 cxd4 13.cxd4 Bd7 14.Rb1 a6 15.Qd2 Rc8
16.Rbc1 Rxc1 17.Rxc1 Bb5 18.d5 Bxd3 19.Qxd3 b5 20.Nd4 Nc4 21.Nc6 Qd6 22.Bd2 Nxd2
23.Qxd2 e6 24.g3 exd5 25.exd5 Re8 26.Kg2 h5 27.Rc2 Bf6 28.Qf4 Qxf4 29.gxf4 Re3
30.Rd2 Rc3 31.Nb8 a5 32.d6 Rc8 33.Nd7 Bd8 34.Ne5 Kg7 35.d7 Rc7 36.Rd6 Rc2+
37.Kh3 b4 38.Nc6 Bc7 39.d8=Q Bxd8 40.Nxd8 Rxa2 41.Rd7 b3 42.Rxf7+ Kg8 43.Rb7 a4  1/2-1/2

[Event "Saint John op-1"]
[Site "Saint John"]
[Date "1988.??.??"]
[Round "?"]
[White "Burger, Karl"]
[Black "Popovic, Petar"]
[Result "1-0"]
[WhiteElo "2320"]
[BlackElo "2570"]

1.d4 Nf6 2.c4 g6 3.Nc3 d5 4.cxd5 Nxd5 5.e4 Nxc3 6.bxc3 Bg7 7.Bc4 c5 8.Ne2 Nc6
9.Be3 O-O 10.O-O Qc7 11.Rc1 Rd8 12.Qd2 Qa5 13.Rfd1 Ne5 14.Bd5 Ng4 15.Bg5 Nf6
16.Bxf6 Bxf6 17.Qf4 Rf8 18.h4 Bg7 19.Ng3 e6 20.Bb3 b6 21.e5 Bb7 22.h5 Rfd8
23.h6 Bf8 24.Nh5 Qb5 25.Nf6+ Kh8 26.Nxh7 Qc6 27.d5 exd5 28.Nxf8 d4 29.f3 Rxf8
30.Bd5  1-0

[Event "Sarajevo"]
[Site "Sarajevo"]
[Date "1988.??.??"]
[Round "?"]
[White "Lalic, Bogdan"]
[Black "Romanishin, Oleg M"]
[Result "1/2-1/2"]
[WhiteElo "2495"]
[BlackElo "2570"]

1.d4 Nf6 2.c4 g6 3.Nc3 d5 4.cxd5 Nxd5 5.e4 Nxc3 6.bxc3 Bg7 7.Bc4 c5 8.Ne2 O-O
9.O-O Nc6 10.Be3 b6 11.Rc1 Bb7 12.Qd2 Rc8 13.f3 Na5 14.Bb5 a6 15.Bd3 b5 16.d5 e6
17.dxe6 fxe6 18.Rfd1 Qe7 19.Bg5 Bf6 20.Bxf6 Qxf6 21.Qe3 e5 22.Bc2 Rf7 23.Bb3 c4
24.Bc2 Rd8 25.Rxd8+ Qxd8 26.Rd1 Rd7 27.Rxd7 Qxd7 28.Qb6  1/2-1/2